| 000 | 01188nam a2200277 a 4500 | ||
|---|---|---|---|
| 003 | BLK | ||
| 005 | 20250729132324.0 | ||
| 007 | ta | ||
| 008 | 221104b bu |||||r|||| 00| | bu d | ||
| 020 | _a9786191933587 | ||
| 040 | _aBLK | ||
| 041 |
_aBUL _cBUL |
||
| 080 |
_9226698 _aАмериканска литература (на САЩ) _b821.111(73) _x-312.9 _z821.111(73)-312.9 |
||
| 084 | _aС 18 | ||
| 100 |
_9375673 _aСандърсън, Брандън |
||
| 245 |
_aКъм края _cБрандън Сандерсън ; прев. Цветана Генчева |
||
| 260 |
_9217678 _aСофия _bАртлайн Студиос _c2024 |
||
| 300 |
_a478 с. _c21 см |
||
| 380 | _aX | ||
| 500 | _aОриг. загл.: Defiant / Brandon Sanderson Възприетата форма на името на авт. Брандън Сандерсън е Брандън Сандърсън Кн. 4 от тетралогията Към небето | ||
| 700 |
_9364265 _aГенчева, Цветана Тодорова |
||
| 852 |
_bП _c821-31/С 18 Б |
||
| 856 |
_i0.00 _ldisable |
||
| 942 |
_cKNG _n0 _02 |
||
| 944 |
_a30570 _cМоника Янева _k30576 _lЦветомила Тодорова |
||
| 999 |
_c511844 _d511844 |
||